000 00711nam a2200253Ia 4500
003 OSt
005 20221005033327.0
006 a|||||r|||| 00| 0
007 ta
008 221004b |||||||| |||| 00| 0 eng d
020 _a8176463611
024 _a75785
037 _cTextual
040 _aCRL
_cCRL
_beng
041 _2eng
_aeng
082 _aY742111T, P3
100 _aWalker Anthony R .
_9257468
245 0 _aThe Toda people of South India
_b Between tradition and modernity
260 _aDelhi
_bB.R. Publishing Corporation India
_c2003
300 _a270p.
_ccm.
650 _aSOCIOLOGY
942 _hY742111T, P3
_cTEXL
_2cc
999 _c941355
_d941355